Gaming Quiz

Random Gaming Quiz

Most Anticipated Games of 2015 Quiz Stats

 Plays Quiz not verified by Sporcle

Challenge
Share
Tweet
Embed
Score 0/20 Timer 08:00
0 Plays Today
Release Date Game % Correct
November 6thCall of Duty: Black Ops III
74.6%
November 10thFallout 4
61.9%
November 17thStar Wars Battlefront
57.1%
October 27thHalo 5: Guardians
54%
October 23rdAssassin's Creed Syndicate
44.4%
December 1stJust Cause 3
38.1%
September 22ndFIFA 16
38.1%
November 10thRise of the Tomb Raider
36.5%
September 11thSuper Mario Maker
34.9%
Bonus - Early 2016Uncharted 4: A Thief's End
31.7%
Release Date Game % Correct
September 1stMetal Gear Solid V: The Phantom Pain
30.2%
September 1stMad Max
22.2%
October 6thRock Band 4
22.2%
October 13thRainbow Six; Siege
20.6%
Holiday 2015Star Fox Zero
19%
September 18thForza Motorsport 6
17.5%
November 3rdNeed for Speed
14.3%
December 8thHitman
12.7%
Bonus - February 2016Mirror's Edge Catalyst
7.9%
NovemberXCOM 2
1.6%

You're not logged in!

Compare scores with friends on all Sporcle quizzes.
OR
Log In

You Might Also Like...

Show Comments

Extras

Created Jul 19, 2015ReportNominate
Tags:2015, date, order, particular, release, video

Top Quizzes Today


Score Distribution

Your Account Isn't Verified!

In order to create a playlist on Sporcle, you need to verify the email address you used during registration. Go to your Sporcle Settings to finish the process.

Report this User

Report this user for behavior that violates our Community Guidelines.

Details: